Reconocimiento María Teresa Quidiello, 100 años de una vida ejemplar (Record no. 11456)

MARC details
000 -LEADER
campo de control de longitud fija 00395nam a2200133Ia 4500
001 - NÚMERO DE CONTROL
campo de control 3645
008 - DATOS DE LONGITUD FIJA--INFORMACIÓN GENERAL
campo de control de longitud fija 241024s9999 xx 000 0 und d
082 ## - NÚMERO DE LA CLASIFICACIÓN DECIMAL DEWEY
Número de clasificación [*SIN CLASIFICACION*]
100 ## - ENTRADA PRINCIPAL--NOMBRE DE PERSONA
Nombre de persona Universidad Autónoma de Santo Domingo
245 #0 - MENCIÓN DEL TÍTULO
Título Reconocimiento María Teresa Quidiello, 100 años de una vida ejemplar
260 ## - PUBLICACIÓN, DISTRIBUCIÓN, ETC.
Nombre del editor, distribuidor, etc. Santo Domingo
901 ## - ELEMENTOS DE DATOS A LOCAL LDA (RLIN)
a 14/1/2014 3:20:56 p.m.

No items available.

© 2024. Todos los Derechos Reservados. Desarrollado por IDEICE